Autographs in the rain (Record no. 376085)

MARC details
000 -LEADER
fixed length control field 00589nam a2200205Ia 4500
008 - FIXED-LENGTH DATA ELEMENTS--GENERAL INFORMATION
fixed length control field 191130s2002##################000#0#eng##
020 ## - INTERNATIONAL STANDARD BOOK NUMBER
ISBN 9780747263876
082 ## - DEWEY DECIMAL CLASSIFICATION NUMBER
Classification number 823.914 JAR
100 ## - MAIN ENTRY--AUTHOR NAME
Personal name Jardine, Quintin
245 ## - TITLE STATEMENT
Title Autographs in the rain
Statement of responsibility, etc Quintin Jardine
250 ## - EDITION STATEMENT
Edition statement 1st ed
260 ## - PUBLICATION, DISTRIBUTION, ETC. (IMPRINT)
Place of publication London
Name of publisher Headline
Year of publication 2002
300 ## - PHYSICAL DESCRIPTION
Number of Pages 436 p. ; 18 cm
650 ## - SUBJECT ADDED ENTRY--TOPICAL TERM
Topical Term Police - Scotland - Edinburgh - Fiction
Topical Term Skinner, Bob (Fictitious character) -- Fiction
991 ## -
-- 390703
Holdings
Withdrawn status Lost status Damaged status Not for loan Home library Current library Date acquired Full call number Accession Number Price effective from Koha item type
        Anna Centenary Library Anna Centenary Library 17.10.2020 823.914 JAR 508808 17.10.2020 English Books

Find us on the map